Les premiers champions des championnats majeurs européens - Statistiques

Statistiques générales
  • Ce quiz a été pris 26 fois
  • Le résultat moyen est 4 sur 15
Statistiques - réponses
Année Championnat Club % Correct
1933 Ligue 1 (Fra) Olympique Lillois
61%
1929 La Liga (Esp) FC Barcelone
52%
1935 La Liga Nos (Por) FC Porto
48%
1891 Scottish Premiership (Eco) Dumbarton / Rangers
43%
1957 Süper Lig (Tur) Beşiktaş
39%
1898 Serie A (Ita) Genoa
26%
1889 Premier League (Ang) Preston North End
26%
1936 Premier-Liga (Rus) Dinamo Moscou / Spartak Moscou
22%
1898 Super League (Suis) Grasshopper Club Zurich
22%
1912 Bundesliga (Aut) Rapid Vienne
22%
1903 Bundesliga (All) VFB Leipzig
9%
1928 Superleague (Gre) Aris Salonique
4%
1896 Pro League (Belg) RFC Lieja
4%
1925 Fortuna Liga (Rtch) Slavia Prague
4%
1889 Eredivisie (Ned) VV Concordia
0%
Aucun quiz correspondant
Distribution des résultats
% des personnes avec chaque résultat
Percentile par nombre de réponses
Votre historique - résultats
Vous n’avez pas pris ce quiz